Numerická analýza plynovodných potrubí pri odkopoch počas prevádzky : Habilitačná práca
Salvato in:
| Autore principale: | |
|---|---|
| Natura: | Libro |
| Lingua: | slovacco |
| Pubblicazione: |
Bratislava :
STU v Bratislave SjF,
2010
|
| Soggetti: | |
| Tags: |
Nessun Tag, puoi essere il primo ad aggiungerne!!
|
MARC
| LEADER | 00000nam a22000003a 4500 | ||
|---|---|---|---|
| 001 | stu224426 | ||
| 005 | 20150617230124.1 | ||
| 008 | 110426s2010------------------------slo-d | ||
| 040 | |a STU |b slo | ||
| 041 | 0 | |a slo | |
| 100 | 1 | |a Jančo, Roland, |d 1976- |4 aut |u J0010 |9 100 |U SjF Strojnícka fakulta |T SjF Ústav aplikovanej mechaniky a mechatroniky |X 2227 |U J0010 |Y 801 |7 A000002227 | |
| 245 | 1 | |a Numerická analýza plynovodných potrubí pri odkopoch počas prevádzky : |b Habilitačná práca | |
| 260 | |a Bratislava : |b STU v Bratislave SjF, |c 2010 | ||
| 300 | |a 152 s | ||
| 650 | 7 | |a nosník |2 stusub | |
| 650 | 7 | |a MKP - metóda konečných prvkov |2 stusub | |
| 996 | |b 284J038822 |c J*113895 |l JJST |s P |a 0 |w stu224426_0001 | ||